| 000 | 00607nam a22001577a 4500 | ||
|---|---|---|---|
| 003 | OSt | ||
| 005 | 20150918153112.0 | ||
| 008 | 150918b xxu||||| |||| 00| 0 eng d | ||
| 040 | _cRUA | ||
| 082 | _aAGR | ||
| 100 |
_9780 _aSAMNANG, CHANBONY |
||
| 245 | _aEffect of organic fertilizers on tonato at royal university of agriculture,(ឥទ្ធិពលជីសរីរាង្គលើដំណាំប៉េងប៉ោះនៅសាកលវិទ្យាល័យភូមិន្នកសិកម្ម). | ||
| 260 |
_aphnom phen _bRUA _c2006 |
||
| 300 |
_aXIV,44p. _bill. _c29cm. |
||
| 942 |
_2ddc _cAGR |
||
| 999 |
_c746 _d746 |
||